| 000 | 01213nam a22001937a 4500 | ||
|---|---|---|---|
| 005 | 20230619151513.0 | ||
| 008 | 230619b ||||| |||| 00| 0 eng d | ||
| 020 | _a9780073532516 | ||
| 050 | _aGE105.C865(7e) | ||
| 100 | _9Cunningham, William P. | ||
| 245 |
_aPrinciples of environment science: inquiry and application / _cWilliam P. Cunningham and Mary Ann Cunningham. |
||
| 250 | _a7th ed. | ||
| 260 |
_aNew York : _bMcGraw-Hill Connect Learn Succeed _c2013. |
||
| 300 |
_axxiv, 399 p. : _bill. ; _c29 cm. |
||
| 500 | _aIncludes appendix, glossary and index. | ||
| 505 | _aContents: Understanding our environment -- Environmental systems: matters and energy of life -- Evolution, species interactions, and biological communities -- Human population -- Biomes and biodiversity -- Environmental conversation: forest, grasslands, parks, and nature preserves -- Food and agriculture -- Environmental health and toxicology -- Climate -- Air pollution -- Water: resources and pollution -- Environmental geology and earth resources energy -- Energy -- Solid and hazardous waste -- Economics and urbanization -- Environmental policy and sustainability. | ||
| 700 |
_aCunningham, Mary Ann. _91724 |
||
| 942 |
_2lcc _cBK |
||
| 999 |
_c9750 _d17250 |
||